Books Missing 'D' Words Quiz Stats

 Plays Quiz Updated Aug 10, 2018

Score 0/18 Timer 03:00
3 Plays Today
Hint Answer % Correct
Diary
98%
Dick
97.8%
Dragon
97.2%
David
96.2%
Demons
95.7%
Diamonds
93.1%
Death
92.8%
Down
92%
Divine
85.8%
Hint Answer % Correct
Dreams
65%
Dead
58.4%
Doll's
55.5%
Dalloway
51.9%
Damned
51.7%
Days
28.8%
Dot
25.8%
Denisovich
24.6%
Democracy
21.1%

You're not logged in!

Compare scores with friends on all Sporcle quizzes.
OR
Log In

Sporcle TV

Today on Sporcle TV


Watch our educational content, quiz creation guides, and fun videos on Sporcle TV.

Show Comments

Extras

Top Quizzes Today


Score Distribution

Your Account Isn't Verified!

In order to create a playlist on Sporcle, you need to verify the email address you used during registration. Go to your Sporcle Settings to finish the process.

Report this User

Report this user for behavior that violates our Community Guidelines.

Details: